[Event "Dundee & Angus op"]
[Site "Dundee"]
[Date "2012.??.??"]
[Round "5"]
[White "Payada, Dmitriy"]
[Black "Findlay, David John"]
[Result "0-1"]
[WhiteElo "2014"]
[BlackElo "2175"]
[PlyCount "78"]
[EventDate "2012.10.13"]
[EventType "swiss"]
[EventRounds "5"]
[EventCountry "SCO"]
[SourceTitle "EXT 2017"]
[Source "ChessBase"]
[SourceDate "2016.10.25"]
[SourceVersion "1"]
[SourceVersionDate "2016.10.25"]
[SourceQuality "1"]

1. e4 e5 2. Nf3 d6 3. d4 exd4 4. Nxd4 g6 5. Nc3 Bg7 6. Be3 Nf6 7. Be2 0-0 8. f4 Nxe4 9. Nxe4 Re8 10. Bd3 d5 11. c3 dxe4 12. Bc4 Nd7 13. Qb3 Qe7 14. 0-0-0 Nc5 15. Qc2 Nd3+ 16. Kb1 c5 17. Ne2 b5 18. Bd5 Rb8 19. Ng3 Bb7 20. Bxb7 Rxb7 21. Bc1 f5 22. Nf1 Kh8 23. Ne3 b4 24. c4 b3 25. axb3 Reb8 26. Nd5 Qd7 27. b4 cxb4 28. b3 a5 29. Qa2 a4 30. Qxa4 Qxa4 31. bxa4 Nf2 32. Be3 Nxh1 33. a5 b3 34. Rxh1 Ra8 35. Bd2 Rba7 36. Rd1 Rxa5 37. Bxa5 Rxa5 38. Kc1 Ra4 39. Kd2 b2 0-1

[Event "Dundee & Angus op"]
[Site "Dundee"]
[Date "2011.10.16"]
[Round "4"]
[White "Romilly, Peter J"]
[Black "Payada, Dmitriy"]
[Result "0-1"]
[WhiteElo "2185"]
[BlackElo "1944"]
[PlyCount "38"]
[EventDate "2011.10.14"]
[EventType "swiss"]
[EventRounds "5"]
[EventCountry "SCO"]
[SourceTitle "EXT 2017"]
[Source "ChessBase"]
[SourceDate "2016.10.25"]
[SourceVersion "1"]
[SourceVersionDate "2016.10.25"]
[SourceQuality "1"]

1. d4 Nf6 2. c4 g6 3. Nc3 Bg7 4. e4 d6 5. f3 0-0 6. Be3 Nbd7 7. Qd2 e5 8. Nge2 a5 9. d5 Nc5 10. 0-0-0 Ne8 11. g4 f5 12. gxf5 gxf5 13. Bg5 Nf6 14. Ng3 Qe8 15. exf5 Nh5 16. Nb5 Nxg3 17. hxg3 Bxf5 18. Nxc7 Qa4 19. b3 Nxb3+ 0-1

[Event "Lothians op"]
[Site "Scotland"]
[Date "2011.10.02"]
[Round "5"]
[White "Grove, Michael"]
[Black "Payada, Dmitriy"]
[Result "0-1"]
[WhiteElo "1851"]
[BlackElo "1944"]
[PlyCount "56"]
[EventDate "2011.09.30"]
[EventType "swiss"]
[EventRounds "5"]
[EventCountry "SCO"]
[SourceTitle "EXT 2023"]
[Source "ChessBase"]
[SourceDate "2022.10.05"]
[SourceVersion "1"]
[SourceVersionDate "2022.10.05"]
[SourceQuality "1"]

1. e4 g6 2. Nc3 Bg7 3. Bc4 d6 4. d4 Nf6 5. f3 c6 6. Be3 b5 7. Bb3 0-0 8. h4 e5 9. d5 b4 10. Nce2 c5 11. g4 Ne8 12. Qd2 f5 13. gxf5 gxf5 14. exf5 Bxf5 15. Ng3 Nd7 16. Nh5 e4 17. Nxg7 Nxg7 18. f4 Bg4 19. Ne2 Bf3 20. Rh2 Nf5 21. 0-0-0 Qf6 22. Rf1 Nb6 23. c4 a5 24. Rg1+ Kh8 25. Rg5 a4 26. Rxf5 Qxf5 27. Nd4 Qf6 28. Nxf3 axb3 0-1